banner-ar

ليبيا اثناء حكم يوسف باشا القرة مانلى / (Record no. 35805)

MARC details
000 -الفاتح
حقل البيانات ثابتة الطول 00898nam a2200217Ia 4500
005 - وقت وتاريخ اخر تعامل مع التسجيلة
رقم الضبط 20240530102955.0
008 - عناصر البيانات ثابتة الطول - معلومات عامة
حقل البيانات ثابتة الطول 140319s9999 xx 000 0 ara d
040 ## - مصدر الفهرسة
وكالة الفهرسة الأصلية GCL /
وكالة النسخ GCL
082 04 - رقم تصنيف ديوى العشرى
رقم التصنيف 961.2
رقم المادة ف ل
100 1# - المدخل الرئيسى - إسم شخصى
الإسم الشخصى فولايان، كولا
245 10 - بيان العنوان
العنوان ليبيا اثناء حكم يوسف باشا القرة مانلى /
بيان المسئوليه,etc تاليف كولا فولايان ؛ ترجمة عبدالقادر مصطفى المحيشى ؛ مراجعة صلاح الدين السورى
300 ## - الوصف المادى
التعداد 245 ص
650 04 - المدخل الاضافى بالموضوع-مصطلح موضوعى
مصطلح موضوعي ليبيا
650 04 - المدخل الاضافى بالموضوع-مصطلح موضوعى
مصطلح موضوعي التاريخ العربى
650 04 - المدخل الاضافى بالموضوع-مصطلح موضوعى
مصطلح موضوعي العالم العربى - تاريخ - العصر العثمانى
700 1# - المدخل الاضافى - اسم شخصى
الإسم الشخصى صلاح الدين السورى (مراجع)
700 1# - المدخل الاضافى - اسم شخصى
الإسم الشخصى عبدالقادر مصطفى المحبشى
942 ## - عناصر المدخل الإضافي( كوها)
مصدر التصنيف او مخطط الترفيف Dewey Decimal Classification
Koha [default] item type كتاب
260 ## - PUBLICATION, DISTRIBUTION, ETC. (IMPRINT)
-- [S.N] :
-- منشورات مركز دراسة جهاد الليبيين
Holdings
حالة التراجع حالة الفقد حالة تلف ليس للاعارة المكان المؤقت الموقع الحالى تاريخ الاكتساب اجمالي اﻻعارات رقم الطلب الباركود تاريخ اخر مشاهدة تاريخ تفعيل السعر نوع وعاء كوها مصدر التصنيف او خطة الترفيف
        مكتبة القاهرة الكبرى مكتبة القاهرة الكبرى 03/26/2014   961.2\ف ل 87250 03/26/2014 03/26/2014 كتاب  
        مكتبة القاهرة الكبرى مكتبة القاهرة الكبرى 03/26/2014   961.2\ف ل 87251 03/26/2014 03/26/2014 كتاب  
        مكتبة القاهرة الكبرى مكتبة القاهرة الكبرى 08/15/2020   961.2\ف ل 166842 08/15/2020 08/15/2020 كتاب ddc
        مكتبة القاهرة الكبرى مكتبة القاهرة الكبرى 08/15/2020   961.2\ف ل 166843 08/15/2020 08/15/2020 كتاب ddc

Powered By

EGPV